000 00372nam a2200157Ia 4500
008 171216s9999 xx 000 0 und d
040 _bHIN
041 _aHINDI
082 _aHG PAL
100 _aDr.Krishna Dutta Paliwal
245 0 _aSarveshwar Aur Unaki Kavitha
260 _bLipi Prakashan
260 _c1979
300 _g152
650 _aNiroopanam- Upanyaasam
999 _c159622
_d159622